Aadharbhut shiksha : Nirupan aur karyakaram (Record no. 1378486)

MARC details
000 -LEADER
fixed length control field 00551nam a2200205Ia 4500
005 - DATE AND TIME OF LATEST TRANSACTION
control field 20250508162742.0
008 - FIXED-LENGTH DATA ELEMENTS--GENERAL INFORMATION
fixed length control field 008 250505s9999 xx 000 0 hin d
037 ## - SOURCE OF ACQUISITION
Stock number Books to be hide in OPAC
040 ## - CATALOGING SOURCE
Original cataloging agency FEDL
Language of cataloging eng
Transcribing agency FEDL
041 ## - LANGUAGE CODE
Language code of text/sound track or separate title hin
Source of code eng
084 ## - COLON CLASSIFICATION NUMBER
Classification number 374, BHA/O
Assigning agency FEDL
245 #0 - TITLE STATEMENT
Title Aadharbhut shiksha : Nirupan aur karyakaram
245 #0 - TITLE STATEMENT
Statement of responsibility, etc. UNESCO
260 ## - PUBLICATION, DISTRIBUTION, ETC.
Place of publication, distribution, etc. Paris, France
Name of publisher, distributor, etc. UNESCO
Date of publication, distribution, etc. 1956
300 ## - PHYSICAL DESCRIPTION
Extent 97p
365 ## - TRADE PRICE
Price type code INR
Price amount 5
650 ## - SUBJECT ADDED ENTRY--TOPICAL TERM
Topical term or geographic name entry element Adult Education
942 ## - ADDED ENTRY ELEMENTS (KOHA)
Koha item type Books to be hide in OPAC
Classification part 374, BHA/O
Holdings
Withdrawn status Lost status Damaged status Not for loan Home library Current library Date acquired Cost, normal purchase price Total Checkouts Full call number Barcode Date last seen Price effective from Koha item type
        Department of Education Library Department of Education Library 2025-05-08 5.00   374, BHA/O EL0071198 2025-05-08 2025-05-08 Books to be hide in OPAC
Copyright @ Delhi University Library System